Príliš široké poňatie imunity Peter Kresák o beztrestnosti členov parlamentu

Podrobná bibliografia
Hlavní autori: Galovič, Andrej (Autor), Kresák, Peter, 1954- (Autor)
Médium: Článok
Jazyk:slovenčina
ISSN:0862-9567
Predmet:

MARC

LEADER 00000nab a2200000 a 4500
001 vtls000682342
003 SK-MaSNL
005 20260302180932.0
008 140228c1999 xo 0 slo
015 |a SNBRB1999/02-03914 
035 |a CLN000034509 
040 |a SNKBUCL  |b slo  |c SNKBUCL  |e AACR2 
041 0 |a slo 
044 |a xo  |c SK 
080 |a 342.534.2  |2 1997 
100 1 |a Galovič, Andrej  |4 aut  |9 845841 
245 1 0 |a Príliš široké poňatie imunity  |b Peter Kresák o beztrestnosti členov parlamentu  |c spracoval Andrej Galovič 
650 0 7 |a poslanecká imunita  |2 snkbucl  |9 1331 
655 7 |a články z novín a časopisov  |2 snkbucl  |9 267496 
700 1 |a Kresák, Peter,  |d 1954-  |4 aut  |9 198077 
773 0 |t Hospodárske noviny  |g Roč. 7, č. 37 (24.2.1999), s. 1 a 2  |x 0862-9567 
850 |a Slovenská národná knižnica v Martine 
852 |a SNK  |b KIS3GCP 
958 |a SK 
992 |a RBX 
999 |c 1412349  |d 1414279